| 000 | 01745cam a2200445 a 4500 | ||
|---|---|---|---|
| 001 | 12594468 | ||
| 003 | OSt | ||
| 005 | 20140410100638.0 | ||
| 008 | 011120s2002 nyu c 000 1 eng | ||
| 010 | _a 2001058768 | ||
| 020 | _a043937300 | ||
| 020 | _a043937300X (pbk.) | ||
| 040 |
_aDLC _cDLC _dDLC |
||
| 042 | _alcac | ||
| 043 | _anwht--- | ||
| 050 | 0 | 0 |
_aPZ 7 _b.D2385Be 2004 |
| 082 | 0 | 0 | _a[Fic] |
| 100 | 1 |
_aDanticat, Edwidge, _d1969- _924880 |
|
| 245 | 1 | 0 |
_aBehind the mountains / _cEdwidge Danticat. |
| 250 | _a1st ed. | ||
| 260 |
_aNew York : _bScholastic _c2002. |
||
| 300 |
_a166 p. ; _c22 cm. |
||
| 440 | 0 |
_aFirst person fiction _924881 |
|
| 520 | _aWriting in the notebook which her teacher gave her, thirteen-year-old Celiane describes life with her mother and brother in Haiti as well as her experiences in Brooklyn after the family finally immigrates there to be reunited with her father. | ||
| 521 | _aG8 | ||
| 526 | _c940 | ||
| 562 | _efor circulation. 1 copy available in the collection | ||
| 650 | 0 |
_aHaitian Americans _vJuvenile fiction. _924882 |
|
| 650 | 1 |
_aHaitian Americans _vFiction. _924883 |
|
| 650 | 1 |
_aImmigrants _vFiction. _924884 |
|
| 650 | 1 |
_aEmigration and immigration _vFiction. _924885 |
|
| 650 | 1 |
_aDiaries _vFiction. _924886 |
|
| 651 | 1 |
_aHaiti _vFiction. _924887 |
|
| 651 | 1 |
_aBrooklyn (New York, N.Y.) _vFiction. _924888 |
|
| 856 | 4 | 2 |
_3Publisher description _uhttp://www.loc.gov/catdir/description/schol051/2001058768.html |
| 906 |
_a7 _bcbc _corignew _d1 _eocip _f20 _gy-gencatlg |
||
| 942 |
_2lcc _cBK |
||
| 999 |
_c33891 _d33891 |
||